• 首页
  • 本馆介绍
  • 公告通知
  • 最新文献
  • 馆藏检索
  • 电子资源
  • 读者导购
  • 参考咨询
  • 我的图书馆
  • 登录
  • 详细信息显示
  • 放入我的书架
  • 预约/预借图书
  • 作者相关作品
  • 分类相关作品
  • 丛书相关作品
  • 出版社相关作品

书目信息

  • 表格格式
  • 工作单格式
  • 卡片格式
题名:
幸运儿
    
 
作者: 几米 著
分册:  
出版信息: 北京   人民文学出版社  2007
页数: 1册
开本: 24cm
丛书名:
单 册:
中图分类: J228.2
科图分类:
主题词: 漫画--中国--现代--画册 , 漫画
电子资源:
ISBN: 978-7-02-006282-9
000 00745nam0 2200265 45
001 1138417156
005 20110419103723.71
010    @a978-7-02-006282-9@dCNY36.00
100    @a20110406e20092007em y0chiy50 ea
101    @achi
102    @aCN@b110000
105    @aa t 000yy
106    @ar
200    @a幸运儿@AXing Yun Er@dMr. Wing@f几米著@FJi Mi Zhu@zeng
210    @a北京@c人民文学出版社@d2007@h2009
215    @a1册@d24cm
300    @a99畅销文库 几米作品集
305    @a台湾大块文化出版股份有限公司授权出版
510    @aMr. Wing@zeng
606 0  @a漫画@y中国@z现代@j画册
606 0  @a漫画
690    @aJ228.2@v4
701  0 @a几米@AJi Mi@f(1958~)@4著
801  0 @aCN@bTANGWEI@c20110419
905    @b0535476-80@dJ228.2@e275@f5
    
    幸运儿=Mr. Wing/几米著.-北京:人民文学出版社,2007(2009)
    1册;24cm
    99畅销文库 几米作品集.-←并列题名:Mr. Wing
    
    ISBN 978-7-02-006282-9:CNY36.00
    
●
相关链接 在E读中查询图书 在五车中查询图书 在当当中查询图书 在豆瓣中查询图书


正题名:幸运儿     索取号:J228.2/275         预约/预借

序号 登录号 条形码 馆藏地/架位号 状态 备注
1 0535476   205354766   第一样本阅览室/ [索取号:J228.2/275] 在馆    
2 0535477   205354775   第一借阅区/ [索取号:J228.2/275] 在馆    
3 0535478   205354784   第一借阅区/ [索取号:J228.2/275] 在馆    
4 0535479   205354793   第一借阅区/ [索取号:J228.2/275] 在馆    
5 0535480   205354800   第一借阅区/ [索取号:J228.2/275] 在馆    
唐山师范学院图书馆 欢迎您!
大连网信软件有限公司© 版权所有